Metallica M72 Setlists - Statistics

General Stats
  • This quiz has been taken 39 times
  • The average score is 23 of 32
Answer Stats
Album Song % Correct
Master of Puppets Master of Puppets
96%
Ride the Lightning Ride the Lightning
93%
72 Seasons 72 Seasons
89%
Ride the Lightning Creeping Death
89%
Metallica Enter Sandman
89%
Reload Fuel
89%
Metallica Nothing Else Matters
86%
... And Justice for All One
86%
Metallica Sad But True
86%
Kill Em' All Seek & Destroy
86%
...And Justice for All Blackened
82%
Ride the Lightning For Whom the Bell Tolls
82%
72 Seasons Lux AEterna
79%
Master of Puppets Orion
79%
Metallica The Unforgiven
79%
...And Justice for All Harvester of Sorrow
75%
72 Seasons If Darkness Had a Son
75%
Load King Nothing
71%
Ride the Lightning The Call of Ktulu
71%
Master of Puppets Leper Messiah
68%
Death Magnetic The Day That Never Comes
68%
Master of Puppets Welcome Home (Sanitarium)
68%
Metallica Wherever I May Roam
68%
Kill Em' All Whiplash
68%
Ride the Lightning Fight Fire With Fire
64%
Hardwired... To Self Destruct Moth Into Flame
61%
Reload The Memory Remains
61%
72 Seasons Screaming Suicide
57%
72 Seasons Inamorata
46%
72 Seasons Shadows Follow
39%
Guitar Riff Kirk and Rob Doodle
18%
Guitar Riff Kirk and Rob Doodle
18%
No matching quizzes found
Score Distribution
Percent of People with Each Score
Percentile by Number Answered
Your Score History
You have not taken this quiz